{"text_format":"3","workbook":"xlsx","n_sheets":1,"sheets":["t115"],"read":"whole","date_system":"1900"}

{"sheet":"t115","index":0,"n_rows":200,"n_cols":7,"rows_kept":200,"merged":[[0,0,0,6],[30,0,30,5],[49,0,49,5],[156,0,156,5]]}
["TABELA 115.1 - Estatísticas Agrícolas, Município de Cândido Mota, Estado de São Paulo, 2007/08."]
["ITEM","UNIDADE","N.DE UPAs","MÍNIMO","MÉDIO","MÁXIMO","TOTAL"]
["Distância à sede do município","km",{"v":1172,"d":"1,172"},{"v":0,"d":"0.0"},{"v":12.73,"d":"12.7"},{"v":32,"d":"32.0"},"-"]
["Área total","hectare",{"v":1172,"d":"1,172"},0.4,{"v":46.02,"d":"46.0"},{"v":1213,"d":"1,213.0"},{"v":53931.2,"d":"53,931.2"}]
["Área com cultura perene","hectare",125,0.1,{"v":6.36,"d":"6.4"},48.4,794.4]
["Área com cultura temporária","hectare",{"v":1103,"d":"1,103"},0.1,{"v":43.81,"d":"43.8"},{"v":1103.5,"d":"1,103.5"},{"v":48319.1,"d":"48,319.1"}]
["Área com pastagem","hectare",345,0.1,5.4,87.6,{"v":1862.7,"d":"1,862.7"}]
["Área com reflorestamento","hectare",47,0.1,{"v":1.62,"d":"1.6"},{"v":10,"d":"10.0"},76.2]
["Área com vegetação natural","hectare",434,0.1,{"v":3.12,"d":"3.1"},{"v":72,"d":"72.0"},{"v":1353,"d":"1,353.0"}]
["Área com vegetação de brejo e várzea","hectare",205,0.1,{"v":2.75,"d":"2.8"},{"v":40,"d":"40.0"},564.3]
["Área em descanso","hectare",7,0.2,{"v":4.77,"d":"4.8"},10.8,33.4]
["Área complementar","hectare",911,0.1,{"v":1.02,"d":"1.0"},68.7,928.1]
["Área das UPAs com (0, 1] ha","hectare",7,0.4,{"v":0.71,"d":"0.7"},{"v":1,"d":"1.0"},{"v":5,"d":"5.0"}]
["Área das UPAs com (1, 2] ha","hectare",10,1.1,{"v":1.47,"d":"1.5"},{"v":2,"d":"2.0"},14.7]
["Área das UPAs com (2, 5] ha","hectare",61,2.4,{"v":3.51,"d":"3.5"},{"v":5,"d":"5.0"},214.3]
["Área das UPAs com (5, 10] ha","hectare",140,5.4,{"v":7.75,"d":"7.8"},9.7,{"v":1085.4,"d":"1,085.4"}]
["Área das UPAs com (10, 20] ha","hectare",310,10.2,{"v":15.04,"d":"15.0"},{"v":20,"d":"20.0"},{"v":4663,"d":"4,663.0"}]
["Área das UPAs com (20, 50] ha","hectare",389,20.1,{"v":31.21,"d":"31.2"},{"v":50,"d":"50.0"},{"v":12140.4,"d":"12,140.4"}]
["Área das UPAs com (50, 100] ha","hectare",141,50.4,{"v":66.64,"d":"66.6"},98.4,{"v":9395.7,"d":"9,395.7"}]
["Área das UPAs com (100, 200] ha","hectare",62,100.5,128.5,{"v":196,"d":"196.0"},{"v":7967.2,"d":"7,967.2"}]
["Área das UPAs com (200, 500] ha","hectare",46,205.7,{"v":289.27,"d":"289.3"},{"v":465,"d":"465.0"},{"v":13306.6,"d":"13,306.6"}]
["Área das UPAs com (500, 1.000] ha","hectare",4,{"v":588,"d":"588.0"},{"v":682,"d":"682.0"},775.2,{"v":2728,"d":"2,728.0"}]
["Área das UPAs com (1.000, 2.000] ha","hectare",2,{"v":1197.9,"d":"1,197.9"},{"v":1205.45,"d":"1,205.5"},{"v":1213,"d":"1,213.0"},{"v":2410.9,"d":"2,410.9"}]
["Área das UPAs com (2.000, 5.000] ha","hectare","-","-","-","-","-"]
["Área das UPAs com (5.000, 10.000] ha","hectare","-","-","-","-","-"]
["Área das UPAs acima de 10.000 ha","hectare","-","-","-","-","-"]
["Familiares do proprietário que trabalham na UPA","unidade",{"v":1021,"d":"1,021"},{"v":1,"d":"1.0"},1.7,{"v":10,"d":"10.0"},{"v":1733,"d":"1,733.0"}]
["Trabalhadores permanentes","unidade",163,{"v":1,"d":"1.0"},{"v":1.97,"d":"2.0"},{"v":40,"d":"40.0"},{"v":321,"d":"321.0"}]
["Fonte: Secretaria de Agricultura e Abastecimento, CDRS/IEA, Projeto LUPA."]
[]
["TABELA 115.2 - Explorações Animais, Município de Cândido Mota, Estado de São Paulo, 2007/08."]
["ITEM","UNIDADE","N.DE UPAs","MÍNIMO","MÉDIO","MÁXIMO","TOTAL"]
["Asininos E Muares","cabeças",22,{"v":1,"d":"1.0"},{"v":1.55,"d":"1.6"},{"v":6,"d":"6.0"},{"v":34,"d":"34.0"}]
["Avicultura de Corte","cabeças/ano",91,{"v":7,"d":"7.0"},{"v":834.66,"d":"834.7"},{"v":15000,"d":"15,000.0"},{"v":75954,"d":"75,954.0"}]
["Avicultura Ornamental/Decorativa/Exótica","cabeças",1,{"v":30,"d":"30.0"},{"v":30,"d":"30.0"},{"v":30,"d":"30.0"},{"v":30,"d":"30.0"}]
["Avicultura para Ovos","cabeças",108,{"v":3,"d":"3.0"},{"v":25.48,"d":"25.5"},{"v":100,"d":"100.0"},{"v":2752,"d":"2,752.0"}]
["Bovinocultura de Corte","cabeças",19,{"v":1,"d":"1.0"},{"v":33.42,"d":"33.4"},{"v":185,"d":"185.0"},{"v":635,"d":"635.0"}]
["Bovinocultura Leiteira","cabeças",54,{"v":1,"d":"1.0"},{"v":17.07,"d":"17.1"},{"v":226,"d":"226.0"},{"v":922,"d":"922.0"}]
["Bovinocultura Mista","cabeças",199,{"v":1,"d":"1.0"},{"v":13.46,"d":"13.5"},{"v":200,"d":"200.0"},{"v":2678,"d":"2,678.0"}]
["Caprinocultura","cabeças",3,{"v":1,"d":"1.0"},{"v":3.67,"d":"3.7"},{"v":6,"d":"6.0"},{"v":11,"d":"11.0"}]
["Carcinocultura","pós-larvas",1,{"v":3,"d":"3.0"},{"v":3,"d":"3.0"},{"v":3,"d":"3.0"},{"v":3,"d":"3.0"}]
["Equinocultura","cabeças",154,{"v":1,"d":"1.0"},{"v":1.95,"d":"2.0"},{"v":20,"d":"20.0"},{"v":300,"d":"300.0"}]
["Outra Exploração Animal","cabeças",1,{"v":9,"d":"9.0"},{"v":9,"d":"9.0"},{"v":9,"d":"9.0"},{"v":9,"d":"9.0"}]
["Ovinocultura","cabeças",32,{"v":2,"d":"2.0"},{"v":21.09,"d":"21.1"},{"v":70,"d":"70.0"},{"v":675,"d":"675.0"}]
["Piscicultura","m² tanques",42,{"v":200,"d":"200.0"},{"v":8914.29,"d":"8,914.3"},{"v":80000,"d":"80,000.0"},{"v":374400,"d":"374,400.0"}]
["Ranicultura","girinos/ano",1,{"v":1500,"d":"1,500.0"},{"v":1500,"d":"1,500.0"},{"v":1500,"d":"1,500.0"},{"v":1500,"d":"1,500.0"}]
["Suinocultura","cabeças",135,{"v":1,"d":"1.0"},{"v":22.64,"d":"22.6"},{"v":360,"d":"360.0"},{"v":3057,"d":"3,057.0"}]
["Fonte: Secretaria de Agricultura e Abastecimento, CDRS/IEA, Projeto LUPA."]
[]
["TABELA 115.3 -  Máquinas, Implementos e Benfeitorias, Município de Cândido Mota, Estado de São Paulo, 2007/08."]
["ITEM","UNIDADE","N.DE UPAs","MÍNIMO","MÉDIO","MÁXIMO","TOTAL"]
["Arado Comum (Bacia, Aiveca)","Unidade",123,{"v":1,"d":"1.0"},{"v":1.09,"d":"1.1"},{"v":2,"d":"2.0"},{"v":134,"d":"134.0"}]
["Arado Escarificador","Unidade",160,{"v":1,"d":"1.0"},{"v":1.25,"d":"1.3"},{"v":6,"d":"6.0"},{"v":200,"d":"200.0"}]
["Arado Subsolador","Unidade",51,{"v":1,"d":"1.0"},1.1,{"v":2,"d":"2.0"},{"v":56,"d":"56.0"}]
["Batedeira de Cereais","Unidade",4,{"v":1,"d":"1.0"},{"v":1,"d":"1.0"},{"v":1,"d":"1.0"},{"v":4,"d":"4.0"}]
["Câmara Fria","Unidade",2,{"v":1,"d":"1.0"},{"v":1,"d":"1.0"},{"v":1,"d":"1.0"},{"v":2,"d":"2.0"}]
["Carregadeira de Cana","Unidade",5,{"v":1,"d":"1.0"},1.4,{"v":2,"d":"2.0"},{"v":7,"d":"7.0"}]
["Colhedeira Acoplada","Unidade",3,{"v":1,"d":"1.0"},{"v":1,"d":"1.0"},{"v":1,"d":"1.0"},{"v":3,"d":"3.0"}]
["Colhedeira Automotriz","Unidade",100,{"v":1,"d":"1.0"},{"v":1.48,"d":"1.5"},{"v":15,"d":"15.0"},{"v":148,"d":"148.0"}]
["Computador","Unidade",4,{"v":1,"d":"1.0"},{"v":1.25,"d":"1.3"},{"v":2,"d":"2.0"},{"v":5,"d":"5.0"}]
["Conj.Irrigação Autopropelido","Unidade",2,{"v":1,"d":"1.0"},{"v":1,"d":"1.0"},{"v":1,"d":"1.0"},{"v":2,"d":"2.0"}]
["Conj.Irrigação Convencional","Unidade",7,{"v":1,"d":"1.0"},{"v":1,"d":"1.0"},{"v":1,"d":"1.0"},{"v":7,"d":"7.0"}]
["Conj.Irrigação Pivot Central","Unidade",1,{"v":1,"d":"1.0"},{"v":1,"d":"1.0"},{"v":1,"d":"1.0"},{"v":1,"d":"1.0"}]
["Conjunto de Fenação","Unidade",2,{"v":1,"d":"1.0"},{"v":1,"d":"1.0"},{"v":1,"d":"1.0"},{"v":2,"d":"2.0"}]
["Desintegrador de Palha (Plantio Direto)","Unidade",16,{"v":1,"d":"1.0"},{"v":1.06,"d":"1.1"},{"v":2,"d":"2.0"},{"v":17,"d":"17.0"}]
["Desintegrador, Picador, Triturador","Unidade",119,{"v":1,"d":"1.0"},{"v":1.12,"d":"1.1"},{"v":5,"d":"5.0"},{"v":133,"d":"133.0"}]
["Distribuidor de Calcário","Unidade",72,{"v":1,"d":"1.0"},{"v":1.04,"d":"1.0"},{"v":2,"d":"2.0"},{"v":75,"d":"75.0"}]
["Ensiladeira","Unidade",12,{"v":1,"d":"1.0"},{"v":1,"d":"1.0"},{"v":1,"d":"1.0"},{"v":12,"d":"12.0"}]
["Grade Aradora (Tipo Romi)","Unidade",196,{"v":1,"d":"1.0"},{"v":1.31,"d":"1.3"},{"v":10,"d":"10.0"},{"v":256,"d":"256.0"}]
["Grade Niveladora","Unidade",216,{"v":1,"d":"1.0"},{"v":1.25,"d":"1.3"},{"v":4,"d":"4.0"},{"v":271,"d":"271.0"}]
["Implementos para Tração Animal","Unidade",16,{"v":1,"d":"1.0"},{"v":5.06,"d":"5.1"},{"v":25,"d":"25.0"},{"v":81,"d":"81.0"}]
["Microtrator","Unidade",3,{"v":1,"d":"1.0"},{"v":1,"d":"1.0"},{"v":1,"d":"1.0"},{"v":3,"d":"3.0"}]
["Misturador de Ração","Unidade",10,{"v":1,"d":"1.0"},1.1,{"v":2,"d":"2.0"},{"v":11,"d":"11.0"}]
["Ordenhadeira Mecânica","Unidade",3,{"v":1,"d":"1.0"},{"v":2,"d":"2.0"},{"v":4,"d":"4.0"},{"v":6,"d":"6.0"}]
["Pulverizador Tratorizado","Unidade",260,{"v":1,"d":"1.0"},{"v":1.22,"d":"1.2"},{"v":4,"d":"4.0"},{"v":317,"d":"317.0"}]
["Resfriador de Leite, Tanque Expansão","Unidade",3,{"v":1,"d":"1.0"},{"v":1,"d":"1.0"},{"v":1,"d":"1.0"},{"v":3,"d":"3.0"}]
["Roçadeira Tratorizada","Unidade",4,{"v":1,"d":"1.0"},{"v":1,"d":"1.0"},{"v":1,"d":"1.0"},{"v":4,"d":"4.0"}]
["Semeadeira/Adubadeira para Plantio Convencional","Unidade",119,{"v":1,"d":"1.0"},{"v":1.37,"d":"1.4"},{"v":5,"d":"5.0"},{"v":163,"d":"163.0"}]
["Semeadeira/Plantadeira Plantio Direto","Unidade",184,{"v":1,"d":"1.0"},{"v":1.45,"d":"1.5"},{"v":6,"d":"6.0"},{"v":267,"d":"267.0"}]
["Terraceador","Unidade",11,{"v":1,"d":"1.0"},{"v":1.09,"d":"1.1"},{"v":2,"d":"2.0"},{"v":12,"d":"12.0"}]
["Trator de Esteiras","Unidade",1,{"v":1,"d":"1.0"},{"v":1,"d":"1.0"},{"v":1,"d":"1.0"},{"v":1,"d":"1.0"}]
["Trator de Pneus","Unidade",335,{"v":1,"d":"1.0"},{"v":1.96,"d":"2.0"},{"v":8,"d":"8.0"},{"v":656,"d":"656.0"}]
["Açude/Represa","Unidade",53,{"v":1,"d":"1.0"},{"v":3.04,"d":"3.0"},{"v":53,"d":"53.0"},{"v":161,"d":"161.0"}]
["Adega Cantina","Unidade",1,{"v":1,"d":"1.0"},{"v":1,"d":"1.0"},{"v":1,"d":"1.0"},{"v":1,"d":"1.0"}]
["Almoxarifado/Oficina","Unidade",13,{"v":1,"d":"1.0"},{"v":1.08,"d":"1.1"},{"v":2,"d":"2.0"},{"v":14,"d":"14.0"}]
["Armazém para Grãos Ensacados","Sacas",1,{"v":1,"d":"1.0"},{"v":1,"d":"1.0"},{"v":1,"d":"1.0"},{"v":1,"d":"1.0"}]
["Balança para Bovinos","Unidade",1,{"v":1,"d":"1.0"},{"v":1,"d":"1.0"},{"v":1,"d":"1.0"},{"v":1,"d":"1.0"}]
["Balança para Veículos","Unidade",4,{"v":1,"d":"1.0"},{"v":1,"d":"1.0"},{"v":1,"d":"1.0"},{"v":4,"d":"4.0"}]
["Barracão para Granja/Avicultura","Unidade",19,{"v":1,"d":"1.0"},{"v":1.11,"d":"1.1"},{"v":2,"d":"2.0"},{"v":21,"d":"21.0"}]
["Barracão/Galpão/Garagem","Unidade",375,{"v":1,"d":"1.0"},{"v":1.22,"d":"1.2"},{"v":8,"d":"8.0"},{"v":459,"d":"459.0"}]
["Casa de Moradia Habitada","Unidade",527,{"v":1,"d":"1.0"},{"v":1.41,"d":"1.4"},{"v":21,"d":"21.0"},{"v":742,"d":"742.0"}]
["Casa de Moradia Total","Unidade",613,{"v":1,"d":"1.0"},1.7,{"v":20,"d":"20.0"},{"v":1044,"d":"1,044.0"}]
["Curral/Mangueira","Unidade",205,{"v":1,"d":"1.0"},{"v":1.05,"d":"1.1"},{"v":3,"d":"3.0"},{"v":215,"d":"215.0"}]
["Depósito/Tulha","Unidade",380,{"v":1,"d":"1.0"},{"v":1.13,"d":"1.1"},{"v":3,"d":"3.0"},{"v":430,"d":"430.0"}]
["Estábulo","Unidade",32,{"v":1,"d":"1.0"},{"v":1.03,"d":"1.0"},{"v":2,"d":"2.0"},{"v":33,"d":"33.0"}]
["Estufa/Plasticultura","m²",2,{"v":1125,"d":"1,125.0"},{"v":2062.5,"d":"2,062.5"},{"v":3000,"d":"3,000.0"},{"v":4125,"d":"4,125.0"}]
["Fábrica de Farinha","Unidade",2,{"v":1,"d":"1.0"},{"v":1,"d":"1.0"},{"v":1,"d":"1.0"},{"v":2,"d":"2.0"}]
["Fábrica de Ração","Unidade",3,{"v":1,"d":"1.0"},{"v":1,"d":"1.0"},{"v":1,"d":"1.0"},{"v":3,"d":"3.0"}]
["Instalações para Equinos","Unidade",1,{"v":1,"d":"1.0"},{"v":1,"d":"1.0"},{"v":1,"d":"1.0"},{"v":1,"d":"1.0"}]
["Pocilga","Unidade",118,{"v":1,"d":"1.0"},{"v":1.19,"d":"1.2"},{"v":8,"d":"8.0"},{"v":140,"d":"140.0"}]
["Poço Semi-Artesiano","Unidade",93,{"v":1,"d":"1.0"},{"v":1.04,"d":"1.0"},{"v":3,"d":"3.0"},{"v":97,"d":"97.0"}]
["Secador de Grãos","Unidade",4,{"v":1,"d":"1.0"},{"v":1,"d":"1.0"},{"v":1,"d":"1.0"},{"v":4,"d":"4.0"}]
["Silo para Grãos","t",8,{"v":1,"d":"1.0"},{"v":667.25,"d":"667.3"},{"v":4500,"d":"4,500.0"},{"v":5338,"d":"5,338.0"}]
["Silo para Silagem","t",4,{"v":1,"d":"1.0"},{"v":156.25,"d":"156.3"},{"v":600,"d":"600.0"},{"v":625,"d":"625.0"}]
["Terreiro","m²",64,{"v":1,"d":"1.0"},{"v":411.05,"d":"411.1"},{"v":7000,"d":"7,000.0"},{"v":26307,"d":"26,307.0"}]
["Fonte: Secretaria de Agricultura e Abastecimento, CDRS/IEA, Projeto LUPA."]
[]
["TABELA 115.4 - Outras Estatísticas Agrícolas, Município de Cândido Mota, Estado de São Paulo, 2007/08."]
["ITEM","Número de UPAs",null,"Percentual"]
["Faz Parte de Associação de Produtores",294,null,{"v":25.085324232081913,"d":"25.1"}]
["Faz Parte de Cooperativa de Produtores",801,null,{"v":68.34470989761093,"d":"68.3"}]
["Faz Parte do Sindicato de Produtores",595,null,{"v":50.7679180887372,"d":"50.8"}]
["Não utiliza assistência técnica ",34,null,{"v":2.901023890784983,"d":"2.9"}]
["Utiliza somente assistência técnica governamental ",35,null,{"v":2.986348122866894,"d":"3.0"}]
["Utiliza somente assistência técnica privada ",137,null,{"v":11.689419795221843,"d":"11.7"}]
["Utiliza assistência técnica tanto governamental quanto privada",966,null,{"v":82.42320819112628,"d":"82.4"}]
["Utiliza Crédito Rural",487,null,{"v":41.55290102389078,"d":"41.6"}]
["Utiliza Seguro Rural",244,null,{"v":20.81911262798635,"d":"20.8"}]
["Utiliza Escrituração Agrícola",699,null,{"v":59.64163822525597,"d":"59.6"}]
["Acessa Internet p/ Fins na Agropecuária",139,null,{"v":11.860068259385665,"d":"11.9"}]
["Utiliza Computador nas Atividades Agropecuárias",125,null,{"v":10.665529010238908,"d":"10.7"}]
["Utiliza Energia Elétrica Para Uso na Atividade Agrícola",755,null,{"v":64.419795221843,"d":"64.4"}]
["Realiza Análise de Solo, quando necessário",{"v":1098,"d":"1,098"},null,{"v":93.68600682593856,"d":"93.7"}]
["Utiliza Práticas de Conservação de Solo, quando necessário",{"v":1149,"d":"1,149"},null,{"v":98.03754266211604,"d":"98.0"}]
["Faz Adubação Mineral, quando necessário",{"v":1125,"d":"1,125"},null,{"v":95.98976109215016,"d":"96.0"}]
["Faz Adubação Orgânica, quando necessário",479,null,{"v":40.870307167235495,"d":"40.9"}]
["Faz Adubação Verde, quando necessário",117,null,{"v":9.982935153583618,"d":"10.0"}]
["Utiliza Manejo Integrado de Pragas (MIP)",4,null,{"v":0.3412969283276451,"d":"0.3"}]
["Utiliza Hidroponia",1,null,{"v":0.08532423208191127,"d":"0.1"}]
["Utiliza Plasticultura",6,null,{"v":0.5119453924914676,"d":"0.5"}]
["Utiliza Mudas Fiscalizadas",341,null,{"v":29.095563139931738,"d":"29.1"}]
["Utiliza Semente Melhorada",810,null,{"v":69.11262798634812,"d":"69.1"}]
["Faz Confinamento de Bovinos",13,null,{"v":1.1092150170648465,"d":"1.1"}]
["Utiliza Pastejo Intensivo",194,null,{"v":16.552901023890787,"d":"16.6"}]
["Faz Inseminação Artificial",6,null,{"v":0.5119453924914676,"d":"0.5"}]
["Faz Mineralização do Rebanho",277,null,{"v":23.634812286689417,"d":"23.6"}]
["Faz Vermifugação do Rebanho",284,null,{"v":24.2320819112628,"d":"24.2"}]
["Possui Parceiros /Arrendatários na Exploração Animal",40,null,{"v":3.4129692832764507,"d":"3.4"}]
["Esporte e lazer",3,null,{"v":0.2559726962457338,"d":"0.3"}]
["Extração mineral","-",null,"-"]
["Hotel Fazenda, Pousada ou SPA","-",null,"-"]
["Pesque-pague",2,null,{"v":0.17064846416382254,"d":"0.2"}]
["Restaurante ou Lanchonete",2,null,{"v":0.17064846416382254,"d":"0.2"}]
["Transformação artesanal","-",null,"-"]
["Turismo rural ou ecoturismo",1,null,{"v":0.08532423208191127,"d":"0.1"}]
["Outras atividades econômicas rurais",3,null,{"v":0.2559726962457338,"d":"0.3"}]
["Agroindústria","-",null,"-"]
["Proprietário sem instrução ou com instrução incompleta",115,null,{"v":9.812286689419794,"d":"9.8"}]
["Proprietário com antigo primário completo",674,null,{"v":57.50853242320819,"d":"57.5"}]
["Proprietário com 1° grau (ou antigo ginasial) completo",120,null,{"v":10.238907849829351,"d":"10.2"}]
["Proprietário com 2° grau (ou antigo colegial) completo",103,null,{"v":8.78839590443686,"d":"8.8"}]
["Proprietário com curso superior completo ",152,null,{"v":12.969283276450511,"d":"13.0"}]
["Pessoa Jurídica",8,null,{"v":0.6825938566552902,"d":"0.7"}]
["Proprietário residente na própria UPA ",179,null,{"v":15.273037542662117,"d":"15.3"}]
["Fonte: Secretaria de Agricultura e Abastecimento, CDRS/IEA, Projeto LUPA."]
[]
["TABELA 115.5 - Área Cultivada, Município de Cândido Mota, Estado de São Paulo, 2007/08."]
["CULTURA","N.DE UPAs","MÍNIMO","MÉDIO","MÁXIMO","TOTAL"]
["Soja",695,0.8,{"v":33.13,"d":"33.1"},{"v":439,"d":"439.0"},{"v":23028.2,"d":"23,028.2"}]
["Cana-de-acucar",297,0.8,{"v":72.42,"d":"72.4"},{"v":1103.5,"d":"1,103.5"},{"v":21507.5,"d":"21,507.5"}]
["Milho Safrinha",691,0.6,{"v":30.16,"d":"30.2"},305.4,{"v":20839,"d":"20,839.0"}]
["Milho",100,0.3,{"v":23.48,"d":"23.5"},{"v":439,"d":"439.0"},{"v":2348,"d":"2,348.0"}]
["Trigo",64,2.4,{"v":36.37,"d":"36.4"},{"v":173,"d":"173.0"},{"v":2327.6,"d":"2,327.6"}]
["Mandioca",130,0.1,{"v":12.01,"d":"12.0"},139.4,{"v":1561.2,"d":"1,561.2"}]
["Braquiaria",170,0.1,{"v":6.17,"d":"6.2"},75.4,{"v":1048.8,"d":"1,048.8"}]
["Gramas",153,0.1,3.9,87.6,596.5]
["Banana",72,0.3,{"v":6.63,"d":"6.6"},31.1,477.2]
["Cafe",67,0.1,{"v":4.67,"d":"4.7"},48.4,312.7]
["Outras gramineas para pastagem",24,0.4,{"v":6.25,"d":"6.3"},{"v":74,"d":"74.0"},150.1]
["Feijao",8,{"v":1,"d":"1.0"},{"v":14.93,"d":"14.9"},51.4,119.4]
["Aveia",6,3.6,19.1,{"v":40,"d":"40.0"},114.6]
["Eucalipto",43,0.1,{"v":1.43,"d":"1.4"},{"v":8,"d":"8.0"},61.3]
["Capim-jaragua",3,0.5,{"v":10.87,"d":"10.9"},{"v":20,"d":"20.0"},32.6]
["Capim-napier (ou capim-elefante)",15,0.1,{"v":1.35,"d":"1.4"},{"v":5,"d":"5.0"},20.3]
["Outras florestais",3,0.7,{"v":4.57,"d":"4.6"},{"v":10,"d":"10.0"},13.7]
["Coloniao",3,0.5,{"v":4.47,"d":"4.5"},8.7,13.4]
["Alface",4,0.5,1.6,{"v":3,"d":"3.0"},6.4]
["Abacaxi (ou ananas)",2,2.4,2.7,{"v":3,"d":"3.0"},5.4]
["Sorgo-vassoura",1,4.8,4.8,4.8,4.8]
["Pupunha",1,{"v":3,"d":"3.0"},{"v":3,"d":"3.0"},{"v":3,"d":"3.0"},{"v":3,"d":"3.0"}]
["Pomar domestico",2,1.2,1.5,1.8,{"v":3,"d":"3.0"}]
["Tomate envarado",4,0.2,{"v":0.73,"d":"0.7"},{"v":2,"d":"2.0"},2.9]
["Arroz",1,{"v":2,"d":"2.0"},{"v":2,"d":"2.0"},{"v":2,"d":"2.0"},{"v":2,"d":"2.0"}]
["Mandioquinha",1,1.5,1.5,1.5,1.5]
["Uva rustica",3,0.1,0.5,1.2,1.5]
["Essencias Nativas",1,1.2,1.2,1.2,1.2]
["Cenoura",3,0.1,{"v":0.37,"d":"0.4"},0.5,1.1]
["Sorgo-forrageiro",1,{"v":1,"d":"1.0"},{"v":1,"d":"1.0"},{"v":1,"d":"1.0"},{"v":1,"d":"1.0"}]
["Pimenta",1,{"v":1,"d":"1.0"},{"v":1,"d":"1.0"},{"v":1,"d":"1.0"},{"v":1,"d":"1.0"}]
["Chicoria (ou chicoria-de-folha-crespa)",4,0.1,{"v":0.25,"d":"0.3"},0.5,{"v":1,"d":"1.0"}]
["Outras olericolas",1,0.5,0.5,0.5,0.5]
["Melancia",1,0.5,0.5,0.5,0.5]
["Cebolinha",2,0.1,0.2,0.3,0.4]
["Couve (ou couve-crespa)",2,0.1,0.2,0.3,0.4]
["Pimentao",1,0.3,0.3,0.3,0.3]
["Beterraba",1,0.2,0.2,0.2,0.2]
["Couve-flor",1,0.2,0.2,0.2,0.2]
["Brocolos (ou brocolis)",1,0.2,0.2,0.2,0.2]
["Repolho",1,0.1,0.1,0.1,0.1]
["Fonte: Secretaria de Agricultura e Abastecimento, CDRS/IEA, Projeto LUPA."]